Rozpravy České akademie císaře Františka Josefa. Roč. 9
| Format: | Book |
|---|---|
| Language: | Undetermined |
| PhysicalDescription: | xi, 206, 26 s. |
| Published: |
Praha
Česká akademie císaře Františka Josefa
1901
|
MARC
| LEADER | 00000nam a2200000 a 4500 | ||
|---|---|---|---|
| 001 | vtls001380273 | ||
| 003 | SK-MaSNL | ||
| 005 | 20260224200702.0 | ||
| 008 | 180810s1901 xx 0 und | ||
| 035 | |a SNK000334261 | ||
| 040 | |a SNK |b slo |c SNK |e AACR2 | ||
| 041 | 0 | |a und | |
| 044 | |a xx | ||
| 245 | 1 | |a Rozpravy České akademie císaře Františka Josefa. Roč. 9 | |
| 260 | |a Praha |b Česká akademie císaře Františka Josefa |c 1901 | ||
| 300 | |a xi, 206, 26 s. | ||
| 958 | |a ONDV | ||
| 999 | |c 1152360 |d 1154290 | ||
| 952 | |t P60, <04>, [BOOK], {604} |a SNK |b SNK |y VYP |7 0 |p 17A0221128 |o snkIB 65/9/1-2 |0 0 |1 0 |4 0 |d 2000-01-07 |l 0 |r 2005-01-02 00:00:00 |w 2026-02-24 | ||


